History of medieval India / (Record no. 85235)

MARC details
000 -LEADER
fixed length control field 00589nam a22001937a 4500
005 - DATE AND TIME OF LATEST TRANSACTION
control field 20140808124407.0
010 ## - LCCN (DPL NO)
LC control number ENG-110261
020 ## - INTERNATIONAL STANDARD BOOK NUMBER
International Standard Book Number 9788192474038
Terms of availability 795.00
035 ## - SYSTEM CONTROL NUMBER
System control number EN-93793
037 ## - SOURCE OF ACQUISITION
Source of stock number/acquisition DBAD/PUB
082 ## - DEWEY DECIMAL CLASSIFICATION NUMBER
Classification number 954.02
100 ## - MAIN ENTRY--PERSONAL NAME
Personal name Singh, S.K.
245 ## - TITLE STATEMENT
Title History of medieval India /
Statement of responsibility, etc by S.K.Singh
260 ## - PUBLICATION, DISTRIBUTION, ETC. (IMPRINT)
Place of publication, distribution, etc New Delhi
Name of publisher, distributor, etc Axis Books
Date of publication, distribution, etc 2014(repr.)
270 ## - ADDRESS
Address 4378/4B, Basement, Ansari Road, Daryaganj
City New Delhi
Postal code 110002
300 ## - PHYSICAL DESCRIPTION
Extent 248p.:
Dimensions 22cm(Hb)
Other physical details ill.
500 ## - GENERAL NOTE
General note Includes bibliographical references
942 ## - ADDED ENTRY ELEMENTS (KOHA)
Source of classification or shelving scheme Dewey Decimal Classification
Item type English Books
Call number suffix SIN
Classification part 954.02
Holdings
Withdrawn status Lost status Not for loan Collection code Home library Current library Date acquired Source of acquisition Cost, normal purchase price Full call number Barcode Copy number Cost, replacement price Koha item type
    Not For Loan Non-fiction D.B.Act.Division D.B.Act.Division 24/06/2014 ENG-110261 795.00 954.02 SIN EN-93793 1 795.00 English Books

© Delhi Public Library
Hit Counter
free hit counter